000 00324nam a2200133Ia 4500
008 240624s9999 xx 000 0 und d
041 _aeng
082 _a332 TRI
100 _aTRIANA PABLO
245 _aLECTURING BIRDS ON FLYING CAN MATHEMATIC
260 _c2009
_aNew Jersey
_bWiley
300 _a400 : p.
365 _c
_b28
999 _c28614
_d28614